000 00422 a2200145 4500
999 _c8217
_d8217
020 _a9780439153911
050 _aPE1128EIN2001
100 _aEinhorn , Kama
_eauthor
245 _aEasy and Engaging ESL Activities:
_band mini-books for every classroom /
_cKama Einhorn
264 _aNew York:
_bScholastic,
_c2001
300 _a63p. :
500 _aincludes index
650 _ateaching tips
942 _2lcc
_cBK
_h1128
_iEIN
_kPE